000 00990nam0a22002651 4500
001 rc\3401896
005 20260406153534.0
021 _aRU
_bРг227-72
021 _aRU
_b71-19474
035 _a(NLR Aleph) 007546936
090 _a9798717
_c9798716
100 _a20130115g19701971|||y0rusy50 ca
101 0 _arus
102 _aRU
105 _ay z |||||
200 1 _aРепертуарно-методический материал
_fАлтайский крайком ВЛКСМ. Кабинет комсомольской работы. Дом нар. творчества
210 _aБарнаул
_cБ. и.
_d1970 (вып. дан. 1971)
215 _a[2], 33 с.
_d20
320 _aБиблиогр. в конце тем
712 0 2 _aАлтайский краевой дом народного творчества
_cБарнаул
_3RU\NLR\AUTH\889928927
_9353407
801 0 _aRU
_bNLR
_gpsbo
801 1 _aRU
_bELAR
_2rusmarc
852 _aNLR
_j71-4/21690
942 _cBOOK
980 _aNB